000 01021cab a2200337 4500
001 ABS52783
008 090401t1995 xxu||||| |||| 00| 0 eng d
035 _a(Sirsi) u198
041 _aeng
100 _aRussell, P.
245 _aOccupational hazards
260 _c1995
350 _a0
490 _aIRRV Journal
_vApril 1995, 73(1)
520 _a"Ford v Burnley BC" (1995) is the point of departure for the consideration of multiple occupation of a hereditament and liability for payment.
650 _aCAMDEN LBC V HERWALD
650 _aFORD V BURNLEY BC
650 _aLIABILITY
650 _aMULTIPLE OCCUPATION
650 _aNON-DOMESTIC RATING (COLLECTION AND ENFORCEMENT) (MISCELLANEOUS PROVIS
650 _aOCCUPATION
650 _aQUARRIES
650 _aRATING APPEALS
650 _aSEVERAL OCCUPIERS
650 _aSI 1990:145
650 _aVERRALL V HACKNEY LBC
650 _aWESTMINSTER CC V SOUTHERN RAILWAY CO
690 _aRATING AND VALUATION
942 _n0
948 _c04/03/1997
999 _c79
_d79